<?xml version="1.0" encoding="UTF-8"?>
<record
    xmlns:xsi="http://www.w3.org/2001/XMLSchema-instance"
    xsi:schemaLocation="http://www.loc.gov/MARC21/slim http://www.loc.gov/standards/marcxml/schema/MARC21slim.xsd"
    xmlns="http://www.loc.gov/MARC21/slim">

  <leader>00656nam a22001577a 4500</leader>
  <controlfield tag="003">OSt</controlfield>
  <controlfield tag="005">20150910111405.0</controlfield>
  <controlfield tag="008">150910b        xxu||||| |||| 00| 0 eng d</controlfield>
  <datafield tag="040" ind1=" " ind2=" ">
    <subfield code="c">RUA</subfield>
  </datafield>
  <datafield tag="082" ind1=" " ind2=" ">
    <subfield code="a">AGR &#x1785;&#x17B6;&#x1793;&#x17CB;&#x200B;1995 B0011 Or.1</subfield>
  </datafield>
  <datafield tag="100" ind1=" " ind2=" ">
    <subfield code="9">221</subfield>
    <subfield code="a">&#x1785;&#x17B6;&#x1793;&#x17CB;&#x200B;&#x179F;&#x17B8;&#x17BB;&#x17C6;&#x1790;&#x17B6;</subfield>
  </datafield>
  <datafield tag="245" ind1=" " ind2=" ">
    <subfield code="a">&#x179C;&#x17B6;&#x1799;&#x178F;&#x17C6;&#x179B;&#x17C3;&#x179B;&#x17BE;&#x1794;&#x17D2;&#x179A;&#x179F;&#x17B7;&#x1791;&#x17D2;&#x1792;&#x1797;&#x17B6;&#x1796;&#x1793;&#x17C3;&#x1790;&#x17D2;&#x1793;&#x17B6;&#x17C6;&#x1780;&#x17C6;&#x1785;&#x17B6;&#x178F;&#x17CB;&#x179F;&#x178F;&#x17D2;&#x179C;&#x179B;&#x17D2;&#x1784;&#x17B7;&#x178F;&#x178A;&#x17C4;&#x1799;&#x1792;&#x1798;&#x17D2;&#x1798;&#x1787;&#x17B6;&#x178F;&#x17B7;&#x179F;&#x17C6;&#x179A;&#x17B6;&#x1794;&#x17CB;&#x1780;&#x179F;&#x17B7;&#x1780;&#x179A;&#x1780;&#x17D2;&#x179A;&#x17B8;&#x1780;&#x17D2;&#x179A;&#x1793;&#x17C5;&#x1781;&#x17C1;&#x178F;&#x17D2;&#x178F;&#x1780;&#x17C6;&#x1796;&#x1784;&#x17CB;&#x1786;&#x17D2;&#x1793;&#x17B6;&#x17C6;&#x1784;</subfield>
  </datafield>
  <datafield tag="260" ind1=" " ind2=" ">
    <subfield code="a">Phonm Penh</subfield>
    <subfield code="b">RUA</subfield>
    <subfield code="c">1995</subfield>
  </datafield>
  <datafield tag="300" ind1=" " ind2=" ">
    <subfield code="a">95p.</subfield>
    <subfield code="b">ill.</subfield>
    <subfield code="c">29cm.</subfield>
  </datafield>
  <datafield tag="942" ind1=" " ind2=" ">
    <subfield code="2">ddc</subfield>
    <subfield code="c">AGR</subfield>
  </datafield>
  <datafield tag="999" ind1=" " ind2=" ">
    <subfield code="c">205</subfield>
    <subfield code="d">205</subfield>
  </datafield>
  <datafield tag="952" ind1=" " ind2=" ">
    <subfield code="0">0</subfield>
    <subfield code="1">0</subfield>
    <subfield code="2">ddc</subfield>
    <subfield code="4">0</subfield>
    <subfield code="6">AGR_&#x1785;&#x17B6;&#x1793;1995_B0011_OR_1_000000000000000</subfield>
    <subfield code="7">0</subfield>
    <subfield code="9">854</subfield>
    <subfield code="a">LBB</subfield>
    <subfield code="b">LBB</subfield>
    <subfield code="d">2015-09-10</subfield>
    <subfield code="o">AGR &#x1785;&#x17B6;&#x1793;&#x17CB;&#x200B;1995 B0011 Or.1</subfield>
    <subfield code="p">RUA005071</subfield>
    <subfield code="r">2015-09-10</subfield>
    <subfield code="w">2015-09-10</subfield>
    <subfield code="y">AGR</subfield>
  </datafield>
  <datafield tag="952" ind1=" " ind2=" ">
    <subfield code="0">0</subfield>
    <subfield code="1">0</subfield>
    <subfield code="2">ddc</subfield>
    <subfield code="4">0</subfield>
    <subfield code="6">AGR_&#x1785;&#x17B6;&#x1793;1995_B0011_OR_2_000000000000000</subfield>
    <subfield code="7">0</subfield>
    <subfield code="9">855</subfield>
    <subfield code="a">LBB</subfield>
    <subfield code="b">LBB</subfield>
    <subfield code="d">2015-09-10</subfield>
    <subfield code="o">AGR &#x1785;&#x17B6;&#x1793;&#x17CB;&#x200B;1995 B0011 Or.2</subfield>
    <subfield code="p">RUA005070</subfield>
    <subfield code="r">2015-09-10</subfield>
    <subfield code="w">2015-09-10</subfield>
    <subfield code="y">AGR</subfield>
  </datafield>
  <datafield tag="952" ind1=" " ind2=" ">
    <subfield code="0">0</subfield>
    <subfield code="1">0</subfield>
    <subfield code="2">ddc</subfield>
    <subfield code="4">0</subfield>
    <subfield code="6">AGR_&#x1785;&#x17B6;&#x1793;1995_B0011_OR_3_000000000000000</subfield>
    <subfield code="7">0</subfield>
    <subfield code="9">856</subfield>
    <subfield code="a">LBB</subfield>
    <subfield code="b">LBB</subfield>
    <subfield code="d">2015-09-10</subfield>
    <subfield code="o">AGR &#x1785;&#x17B6;&#x1793;&#x17CB;&#x200B;1995 B0011 Or.3</subfield>
    <subfield code="p">RUA005142</subfield>
    <subfield code="r">2015-09-10</subfield>
    <subfield code="w">2015-09-10</subfield>
    <subfield code="y">AGR</subfield>
  </datafield>
  <datafield tag="952" ind1=" " ind2=" ">
    <subfield code="0">0</subfield>
    <subfield code="1">0</subfield>
    <subfield code="2">ddc</subfield>
    <subfield code="4">0</subfield>
    <subfield code="6">AGR_&#x1785;&#x17B6;&#x1793;1995_B0011_OR_4_000000000000000</subfield>
    <subfield code="7">0</subfield>
    <subfield code="9">857</subfield>
    <subfield code="a">LBB</subfield>
    <subfield code="b">LBB</subfield>
    <subfield code="d">2015-09-10</subfield>
    <subfield code="o">AGR &#x1785;&#x17B6;&#x1793;&#x17CB;&#x200B;1995 B0011 Or.4</subfield>
    <subfield code="p">RUA004427</subfield>
    <subfield code="r">2015-09-10</subfield>
    <subfield code="w">2015-09-10</subfield>
    <subfield code="y">AGR</subfield>
  </datafield>
  <datafield tag="952" ind1=" " ind2=" ">
    <subfield code="0">0</subfield>
    <subfield code="1">0</subfield>
    <subfield code="2">ddc</subfield>
    <subfield code="4">0</subfield>
    <subfield code="6">AGR_&#x1785;&#x17B6;&#x1793;1995_B0011_OR_5_000000000000000</subfield>
    <subfield code="7">0</subfield>
    <subfield code="9">858</subfield>
    <subfield code="a">LBB</subfield>
    <subfield code="b">LBB</subfield>
    <subfield code="d">2015-09-10</subfield>
    <subfield code="o">AGR &#x1785;&#x17B6;&#x1793;&#x17CB;&#x200B;1995 B0011 Or.5</subfield>
    <subfield code="p">RUA003896</subfield>
    <subfield code="r">2015-09-10</subfield>
    <subfield code="w">2015-09-10</subfield>
    <subfield code="y">AGR</subfield>
  </datafield>
  <datafield tag="952" ind1=" " ind2=" ">
    <subfield code="0">0</subfield>
    <subfield code="1">0</subfield>
    <subfield code="2">ddc</subfield>
    <subfield code="4">0</subfield>
    <subfield code="6">AGR_&#x1785;&#x17B6;&#x1793;1995_B0011_OR_6_000000000000000</subfield>
    <subfield code="7">0</subfield>
    <subfield code="9">859</subfield>
    <subfield code="a">LBB</subfield>
    <subfield code="b">LBB</subfield>
    <subfield code="d">2015-09-10</subfield>
    <subfield code="o">AGR &#x1785;&#x17B6;&#x1793;&#x17CB;&#x200B;1995 B0011 Or.6</subfield>
    <subfield code="p">RUA003064</subfield>
    <subfield code="r">2015-09-10</subfield>
    <subfield code="w">2015-09-10</subfield>
    <subfield code="y">AGR</subfield>
  </datafield>
  <datafield tag="952" ind1=" " ind2=" ">
    <subfield code="0">0</subfield>
    <subfield code="1">0</subfield>
    <subfield code="2">ddc</subfield>
    <subfield code="4">0</subfield>
    <subfield code="6">AGR_&#x1785;&#x17B6;&#x1793;1995_B0011_OR_7_000000000000000</subfield>
    <subfield code="7">0</subfield>
    <subfield code="9">860</subfield>
    <subfield code="a">LBB</subfield>
    <subfield code="b">LBB</subfield>
    <subfield code="d">2015-09-10</subfield>
    <subfield code="o">AGR &#x1785;&#x17B6;&#x1793;&#x17CB;&#x200B;1995 B0011 Or.7</subfield>
    <subfield code="p">RUA005214</subfield>
    <subfield code="r">2015-09-10</subfield>
    <subfield code="w">2015-09-10</subfield>
    <subfield code="y">AGR</subfield>
  </datafield>
  <datafield tag="952" ind1=" " ind2=" ">
    <subfield code="0">0</subfield>
    <subfield code="1">0</subfield>
    <subfield code="2">ddc</subfield>
    <subfield code="4">0</subfield>
    <subfield code="6">AGR_&#x1785;&#x17B6;&#x1793;1995_B0011_OR_8_000000000000000</subfield>
    <subfield code="7">0</subfield>
    <subfield code="9">861</subfield>
    <subfield code="a">LBB</subfield>
    <subfield code="b">LBB</subfield>
    <subfield code="d">2015-09-10</subfield>
    <subfield code="o">AGR &#x1785;&#x17B6;&#x1793;&#x17CB;&#x200B;1995 B0011 Or.8</subfield>
    <subfield code="p">RUA005803</subfield>
    <subfield code="r">2015-09-10</subfield>
    <subfield code="w">2015-09-10</subfield>
    <subfield code="y">AGR</subfield>
  </datafield>
</record>
